Nariz del Diablo. Revista Ferroviaria

Λεπτομέρειες βιβλιογραφικής εγγραφής
Συγγραφή απο Οργανισμό/Αρχή: Ferrocarriles del Estado
Μορφή: Περιοδική έκδοση
Γλώσσα:Spanish
Θέματα:

MARC

LEADER 00000nss a2200000 a 4500
001 20715
005 20230308222922.0
008 000000| ||||||||r|||||||||||spa||
040 |b spa 
041 1 |a spa 
082 0 |a 050  |b F398n 
110 1 |a Ferrocarriles del Estado  |9 18359 
245 |a Nariz del Diablo. Revista Ferroviaria  |h imp 
264 |a Quito  |b Ferrocarriles del Estado  |c Enero febrero de 1955 
362 |a Epoca III; no. 4 (enero febrero de 1955) 
650 1 |a Revista nariz del diablo  |9 180237 
852 |a UC-CDJBV  |c ESTANTERIA CERRADA  |f Donación  |k margarita.gutierrez  |l 1  |m Limitada  |p 00000000  |q 2,00  |t 20715  |b 1  |d CDRC  |e CDRC  |g 050 F398n ESTANTERIA CERRADA  |z 0000-00-00 
942 |c SER 
999 |c 142510  |d 142510